Welcome to the Holygrace Academy Library

Please use search bar below to get started

GREAT LIVES- WOMEN OF SUBSTANCE (Record no. 6353)

MARC details
000 -LEADER
fixed length control field 00276nam a22001217a 4500
082 ## - DEWEY DECIMAL CLASSIFICATION NUMBER
Classification number 920
Item number RAM/G
100 ## - MAIN ENTRY--AUTHOR NAME
Personal name RAMAN,RAJEE
245 ## - TITLE STATEMENT
Title GREAT LIVES- WOMEN OF SUBSTANCE
260 ## - PUBLICATION, DISTRIBUTION, ETC. (IMPRINT)
Place of publication CHENNAI
Name of publisher SEASONS PUBLISHING
300 ## - PHYSICAL DESCRIPTION
Number of Pages 136
650 ## - SUBJECT ADDED ENTRY--TOPICAL TERM
Topical Term GREAT LIVES
Geographic subdivision CHENNAI
942 ## - ADDED ENTRY ELEMENTS (KOHA)
Koha item type Books
Holdings
Withdrawn status Lost status Collection code Home library Current library Shelving location Date acquired Source of acquisition Full call number Accession Number Koha item type
    Reference Main Library Main Library SHELF-17-L-BIOGRAPHIES & AUTOBIOGRAPHIES 07/10/2006 PURCHASE 920 RAM/G 03204 Books